000 00781nam a2200217 a 4500
003 0
005 20250402093515.0
008 050809s19uu xx 00 eng d
050 _aPGS HV 5748
_b.Sa238 2005
100 _aSanz, Patricia.
245 _aSmoking habits of parents of grade six students /
_cPatricia Sanz.
260 _aLas Piñas City, Philippines :
_bSouthville International School and Colleges,
_c2005.
300 _a34 pages :
_billustrations ;
_c28 cm.
504 _aIncludes bibliographical references.
650 _aSmoking
_vParental influences.
650 _aSmoking
_vHealth aspects.
650 _a Parents
_vTobacco use.
650 _aChildren of smokers
_vHealth and social aspects
650 _aSmoking—Psychological aspects
942 _2lcc
_cPASS
999 _c97422
_d97422